00341 a2200121 4500003000500000005001700005040000900022082000800031245004900039260003200088650007400120651002500194Nust20170207161922.0 cNust a799 aYOs-45 (Allied Offrs) with Comdt (Soft Copy) aRawalpindibMCSc18-06-2013 aYOs-45 (Allied Offrs) with Comdt Photographs 2013 (CD-No-23,Vol-III) aSweet Memories - MCS